000
00299nam a2200109 4500
999
_c
11333
_d
11333
008
181116b ||||| |||| 00| 0 eng d
245
_a
Neda to distribute book on struggle.
260
_a
Dvaao City
_b
Sun Star Davao
_c
c2017
300
_a
page 14.
650
0
_9
32578
_a
Books-Reading.
942
_2
ddc
_c
PER